El juicio de residencia como fuente etnográfica: Francisco Briceño, Gobernador de Guatemala, 1565-1569
Se investiga sobre el análisis antropológico aplicado a la documentación de archivo ,o llanado antropología histórica o etnohistoria. Se analiza el caso: juicio de residencia a que fue sometido Francisco Briceño, gobernador de Guatemala de 15
Tallennettuna:
| Päätekijä: | |
|---|---|
| Aineistotyyppi: | Tuntematon |
| Julkaistu: |
Madrid:
Universidad Complutense,
|
| Aiheet: | |
| Tagit: |
Lisää tagi
Ei tageja, Lisää ensimmäinen tagi!
|
MARC
| LEADER | 000000000a22000000004500 | ||
|---|---|---|---|
| 001 | 000354 | ||
| 022 | |a 1132-8312 | ||
| 041 | 0 | |a español | |
| 100 | 1 | |a Jiménez Núñez, Alfredo | |
| 245 | 1 | 0 | |a El juicio de residencia como fuente etnográfica: Francisco Briceño, Gobernador de Guatemala, 1565-1569 |
| 260 | |a Madrid: |b Universidad Complutense, | ||
| 520 | |a Se investiga sobre el análisis antropológico aplicado a la documentación de archivo ,o llanado antropología histórica o etnohistoria. Se analiza el caso: juicio de residencia a que fue sometido Francisco Briceño, gobernador de Guatemala de 15 | ||
| 650 | 4 | |a ETNOGRAFÍA | |
| 650 | 4 | |a BRICEÑO, FRANCISCO | |
| 773 | 0 | |t Revista Complutense de Historia de América | |
| 773 | 0 | |g 23 | |
| 773 | 0 | |g 1997 | |
| 773 | 0 | |g 11-21 | |
| 999 | |c 867 |d 867 | ||
